Normal view
MARC view
- Islam
Entry Personal Name
001 - CONTROL NUMBER
- control field: 104352
003 - CONTROL NUMBER IDENTIFIER
- control field: NUST
005 - DATE AND TIME OF LATEST TRANSACTION
- control field: 20221207132128.0
008 - FIXED-LENGTH DATA ELEMENTS
- fixed length control field: 221207|| aca||aabn | a|a d
040 ## - CATALOGING SOURCE
- Original cataloging agency: NUST
- Transcribing agency: NUST
100 ## - HEADING--PERSONAL NAME
- Personal name: Islam
670 ## - SOURCE DATA FOUND
- Source citation: Work cat.: (NUST)193742: Dr Muhammad Mohsin Khan 104351, Sahih Al Bukhari Arbic-English (Volume-1 to 9) / , 1997
